000 00400nam a2200181Ia 4500
008 090124s9999 xx 000 0 und d
082 _b41925
100 _aXYZ
245 _aHISTORY OF INDIAN MUSIC
250 _a0
260 _bXYZ
_c1960
300 _a262
600 _aXYZ
630 _aHISTORY OF INDIAN MUSIC
700 _aXYZ
730 _aHISTORY OF INDIAN MUSIC
942 _cBOOK
999 _c108124
_d108124